Music Quiz

Random Music or Rock Quiz

4 Decades of Music Hits II Quiz Stats

 Plays Quiz Updated Oct 30, 2018

Score 0/24 Timer 04:00
16 Plays Today
Question Answer Wrong Answers
Basket Case
- Green Day -
1990s
90.4%
1960s
0.6%
1970s
0.9%
1980s
5%
Do You Really Want To Hurt Me
- Culture Club -
1980s
86%
1960s
1.5%
1970s
6.3%
1990s
2.9%
Don't You (Forget About Me)
- Simple Minds -
1980s
85%
1960s
1.3%
1970s
4.9%
1990s
5.6%
Smells Like Teen Spirit
- Nirvana -
1990s
84.9%
1960s
0.4%
1970s
1.5%
1980s
10.3%
Killing In The Name
- Rage Against The Machine -
1990s
84.1%
1960s
0.9%
1970s
2.5%
1980s
9%
Creep
- Radiohead -
1990s
84%
1960s
0.5%
1970s
2.2%
1980s
10.2%
My Heart Will Go On
- Celine Dion -
1990s
83.9%
1960s
0.5%
1970s
1.3%
1980s
11.4%
Jump
- Van Halen -
1980s
83.1%
1960s
0.9%
1970s
9.7%
1990s
3.1%
Take a Chance On Me
- ABBA -
1970s
81.8%
1960s
2.7%
1980s
11.4%
1990s
1%
(Sittin' On) The Dock Of The Bay
- Otis Redding -
1960s
81.3%
1970s
12.7%
1980s
2%
1990s
0.6%
California Dreamin'
- The Mamas & The Papas -
1960s
80.3%
1970s
13.1%
1980s
2.3%
1990s
1%
Eye Of The Tiger
- Survivor -
1980s
77.4%
1960s
0.7%
1970s
17%
1990s
1.9%
Sweet Child O' Mine
- Guns N' Roses -
1980s
75.2%
1960s
0.4%
1970s
5.2%
1990s
16.1%
House of the Rising Sun
- The Animals -
1960s
74.9%
1970s
16.5%
1980s
3.7%
1990s
1.5%
Life On Mars?
- David Bowie -
1970s
74.9%
1960s
4.5%
1980s
16.3%
1990s
1.2%
YMCA
- Village People -
1970s
74.8%
1960s
3.2%
1980s
16.9%
1990s
2%
We Built This City
- Starship -
1980s
73%
1960s
1.8%
1970s
18.4%
1990s
3.6%
Firestarter
- The Prodigy -
1990s
72.3%
1960s
3.4%
1970s
8.3%
1980s
12.6%
Smoke On The Water
- Deep Purple -
1970s
71.3%
1960s
18.4%
1980s
5.9%
1990s
1.2%
Mrs. Robinson
- Simon & Garfunkel -
1960s
70.3%
1970s
23.6%
1980s
2.5%
1990s
0.5%
Purple Haze
- The Jimi Hendrix Experience -
1960s
67%
1970s
27%
1980s
2.5%
1990s
0.5%
Runaway
- Del Shannon -
1960s
63.9%
1970s
13.5%
1980s
12.4%
1990s
6.8%
Blitzkrieg Bop
- The Ramones -
1970s
61.5%
1960s
7.2%
1980s
23.7%
1990s
4.5%
Psycho Killer
- Talking Heads -
1970s
28.6%
1960s
1.6%
1980s
54.5%
1990s
11.9%

You're not logged in!

Compare scores with friends on all Sporcle quizzes.
OR
Log In

Sporcle TV

Today on Sporcle TV


Watch our educational content, quiz creation guides, and fun videos on Sporcle TV.

Show Comments

Extras

Top Quizzes Today


Score Distribution

Your Account Isn't Verified!

In order to create a playlist on Sporcle, you need to verify the email address you used during registration. Go to your Sporcle Settings to finish the process.

Report this User

Report this user for behavior that violates our Community Guidelines.

Details: